| 000 | 00460nam a22001697a 4500 | ||
|---|---|---|---|
| 003 | GBCCL | ||
| 005 | 20250917105846.0 | ||
| 008 | 250917b |||||||| |||| 00| 0 eng d | ||
| 040 | _cGBC | ||
| 082 |
_aVER 234 _bSMI 1 |
||
| 100 | _aSmith, J Oswald | ||
| 245 |
_aPasian hong guo khiatna : _bthe salvation of God in Tiddim chin |
||
| 260 |
_aNew Delhi : _bAll India Prayer fellowship, _c1975? |
||
| 300 | _a155p. ; | ||
| 650 | _2Salvation | ||
| 942 |
_2ddc _cBK _n0 |
||
| 999 |
_c10934 _d10934 |
||